00592nam a2200157 a 450000100100000000500170001000800410002704000250006808200160009324500670010926000300017630000240020650400730023095201140030399900170041700004185020201002035806.0131018s2000 xxua 000 0 spa d aDO-SdBNPbspacBNPHU axxxxbxxxxx04aLas profecías de Isaías :buna luz para toda la humanidad. aNew York :bs. n.,c2000. av. :bil. ;c17 cm. aIncluye referencias bibliográficas y notas al pie de las páginas 001050718MOaGRbGRcHDd2013-10-18iLF1l0oxxxx xxxxxp41850-10r2020-06-25w2020-06-25y1ZNo se presta c41339d41339